Tableros de madera de uso estructural / (Registro nro. 743)

Detalles MARC
000 -LEADER
campo de control de longitud fija 02723nam a22004697a 4500
001 - NÚMERO DE CONTROL
campo de control 42835
003 - IDENTIFICADOR DE NÚMERO DE CONTROL
campo de control gtgccic
005 - FECHA Y HORA DE LA ÚLTIMA TRANSACCIÓN
campo de control 20250801131008.0
007 - CAMPO FIJO DE DESCRIPCIÓN FÍSICA--INFORMACIÓN GENERAL
campo de control de longitud fija ta
008 - DATOS DE LONGITUD FIJA--INFORMACIÓN GENERAL
campo de control de longitud fija 250730b sp ||||| |||| 00| 0 spa d
020 ## - NÚMERO INTERNACIONAL ESTÁNDAR DEL LIBRO
Número Internacional Estándar del Libro 8487381286
040 ## - FUENTE DE CATALOGACIÓN
Centro catalogador/agencia de origen gtgccic
Lengua de catalogación spa
Centro/agencia transcriptor gtgccic
Centro/agencia modificador gtgccic
Normas de descripción rda
082 ## - NÚMERO DE LA CLASIFICACIÓN DECIMAL DEWEY
Número de clasificación 684.104 P427
100 1# - ENTRADA PRINCIPAL--NOMBRE DE PERSONA
Nombre de persona Fernando Peraza Sánchez
Numeración Dr. Ingeniero de Montes
Títulos y otros términos asociados al nombre Director técnico de AITIM
Término indicativo de función/relación Autor
100 1# - ENTRADA PRINCIPAL--NOMBRE DE PERSONA
Nombre de persona Francisco Arriaga Martitegui
Numeración Dr. Arquitecto
Títulos y otros términos asociados al nombre Profesor de Cálculo de Estructuras de la UPM
Término indicativo de función/relación Autor
100 1# - ENTRADA PRINCIPAL--NOMBRE DE PERSONA
Nombre de persona José Enrique Peraza
Numeración Arquitecto
Títulos y otros términos asociados al nombre Secretario General de AITIM
Término indicativo de función/relación Autor
245 ## - MENCIÓN DEL TÍTULO
Título Tableros de madera de uso estructural /
Mención de responsabilidad, etc. Peraza Sánchez, Fernando
264 ## - PRODUCCIÓN, PUBLICACIÓN, DISTRIBUCIÓN, FABRICACIÓN Y COPYRIGHT
Producción, publicación, distribución, fabricación y copyright Madrid, España :
Nombre del de productor, editor, distribuidor, fabricante Artes Gráficas Palermo ;
Fecha de producción, publicación, distribución, fabricación o copyright 2004.
300 ## - DESCRIPCIÓN FÍSICA
Extensión 276 p. :
Otras características físicas il.
Dimensiones 24 cm
336 ## - TIPO DE CONTENIDO
Fuente rdacontenido
Término de tipo de contenido texto
Código de tipo de contenido txt
337 ## - TIPO DE MEDIO
Fuente rdamedio
Nombre/término del tipo de medio sin mediación
Código del tipo de medio n
338 ## - TIPO DE SOPORTE
Fuente rdasoporte
Nombre/término del tipo de soporte volumen
Código del tipo de soporte nc
505 ## - NOTA DE CONTENIDO CON FORMATO
Información miscelánea Capítulo 1
Título TABLEROS DERIVADO DE LA MADERA
505 ## - NOTA DE CONTENIDO CON FORMATO
Información miscelánea Capítulo 2
Título RESEÑA HISTÓRICA
505 ## - NOTA DE CONTENIDO CON FORMATO
Información miscelánea Capítulo 3
Título DIMENSIONES
505 ## - NOTA DE CONTENIDO CON FORMATO
Información miscelánea Capítulo 4
Título PROPIEDADES FÍSICAS
505 ## - NOTA DE CONTENIDO CON FORMATO
Información miscelánea Capítulo 5
Título PROPIEDADES MECÁNICAS
505 ## - NOTA DE CONTENIDO CON FORMATO
Información miscelánea Capítulo 6
Título CÁLCULO
505 ## - NOTA DE CONTENIDO CON FORMATO
Información miscelánea Capítulo 7
Título COMPORTAMIENTO AL FUEGO
505 ## - NOTA DE CONTENIDO CON FORMATO
Información miscelánea Capítulo 8
Título DURABILIDAD
505 ## - NOTA DE CONTENIDO CON FORMATO
Información miscelánea Capítulo 9
Título CERTIFICACIÓN Y MARCAS DE CALIDAD
505 ## - NOTA DE CONTENIDO CON FORMATO
Información miscelánea Anexo A
Título NORMAS SOBRE TABLEROS
505 ## - NOTA DE CONTENIDO CON FORMATO
Información miscelánea Anexo B
Título ESPECIFICACIONES DE LOS TABLEROS
505 ## - NOTA DE CONTENIDO CON FORMATO
Información miscelánea Anexo C
Título DETERMINACIÓN DE LAS PROPIEDADES MECÁNICAS DE LOS TABLEROS ESTRUCTURALES
505 ## - NOTA DE CONTENIDO CON FORMATO
Información miscelánea Anexo D
Título EJEMPLOS DE CÁLCULO
505 ## - NOTA DE CONTENIDO CON FORMATO
Información miscelánea Anexo E
Título EJEMPLOS DE MARCADO CE
520 ## - RESUMEN, ETC.
Sumario, etc. Los tableros derivados de la madera se definen como un producto en el que predominan la longitud y la anchura sobre el espesor y en el que el elemento constitutivo principal es la madera. Esta denominación engloba a un amplio número de tableros cuyas propiedades y aplicaciones son muy variadas. Los tableros se utilizan principalmente en aplicaciones decorativas y estructurales, pero también tienen otras importantes aplicaciones de corta duración o en funciones auxilliares como encofrados, embalajes, cajas de frutas, cerramientos provisionales, stands, etc. Con las técnicas de reciclaje actuales la industria de tableros es capaz de volver a utilizar desperdicios o elementos de maderas desechados después de su uso por la sociedad, introduciéndolos de nuevo en el circuito de la madera como productos útiles
700 ## - ENTRADA AGREGADA--NOMBRE PERSONAL
Nombre de persona Emilio Luengo Cuadrado
Fechas asociadas al nombre Ingeniero de Montes
700 ## - ENTRADA AGREGADA--NOMBRE PERSONAL
Nombre de persona Ignacio Bobadilla Maldonado
Fechas asociadas al nombre Dr. Ingeniero de Montes. Profesor de Tecnología de la Madera de la U.P.M.
942 ## - ELEMENTOS DE ENTRADA SECUNDARIOS (KOHA)
Fuente de la clasificación o esquema de estantería Clasificación Decimal Dewey
Tipo de ítem Koha Libros
Suprimir en OPAC No
945 ## - PROCESAMIENTO DE INFORMACIÓN LOCAL (OCLC)
a amlo
Existencias
Estatus retirado Estado de pérdida Fuente de la clasificación o esquema de estantería Estado de daño No para préstamo Biblioteca de origen Biblioteca actual Ubicación en estantería Fecha de adquisición Fuente de adquisición Número de inventario Total de préstamos Signatura topográfica completa Código de barras Visto por última vez Copia número Precio de reemplazo Tipo de ítem Koha
    Clasificación Decimal Dewey     CENTRO DE INFORMACIÓN A LA CONSTRUCCIÓN-CICON CENTRO DE INFORMACIÓN A LA CONSTRUCCIÓN-CICON Colección general 30/07/2025 compra 8.3.01.H.10689/2004   684.104 P427 Cicon8.3.01.H.10689/ 30/07/2025 1 30/07/2025 Libros